Football players with two spells at Chelsea FC - Statistics

General Stats
  • This quiz has been taken 397 times
    143 since last reset
  • The average score is 4 of 15
Answer Stats
First spell Second spell Answer % Correct
2023 (loan) 2024-2025 Joao Felix
76%
2004-2012 2014-2015 Didier Drogba
66%
2011-2014 2016-2019 David Luiz
61%
2011-2014 2021-2024 Romelu Lukaku
58%
2009-2011 2014-2017 Nemanja Matić
37%
1987-1993 1997-2003 Graeme Le Saux
22%
1964-1974 1978-1979 Peter Osgood
22%
1960-1964 1966-1967 Allan Harris
18%
1968-1974 1983-1984 Allan Hudson
13%
1963-1975 1983-1984 John Hollins
13%
1966-1972 1974-1978 Charlie Cooke
10%
1983-1987 1992-1996 Nigel Spackman
8%
1974-1979 1986-1988 Steve Wicks
6%
1930-1932 1934-1936 Alec Cheyne
3%
1906 1912-1913 Ronald Brebner
3%
No matching quizzes found
Score Distribution
Percent of People with Each Score
Percentile by Number Answered
Your Score History
You have not taken this quiz since the last reset